000 00750nam a2200181 a 4500
001 000043038
005 20201002040607.0
008 140218s2001 nyuab 001 0 spa d
020 _a0306810638
040 _aDO-SdBNP
_bspa
_cBNPHU
082 _axxxx
_bxxxx
100 1 _aVinen, Richard
_970564
245 1 0 _aA history in fragments :
_bEurope in the twentieth century /
_cRichard Vinen.
260 _aCambridge, Massachusetts :
_bDa Capo Press,
_c2001.
300 _axii, 628 p. :
_bil., mapas ;
_c23 cm.
505 0 _aThe Belle Epoque and the Catastrophe --
_tFrom One War to Another --
_tA Photographic Essay 213 --
_tPostwar Europe --
_tWho Won the Cold War? --
_tEurope in the New World Order --
_tA Sort of Conclusion
590 _aInventariado, 2019/BT
999 _c42527
_d42527